Hemicelluloses form Twigs of the White Willow (Salix alba L.,) (III) Wood Xylans

Bibliographic Details
Main Authors: Pavlovová, E. (Author), Rendoš, František, 1923-2006 (Author), Peršina, G. N. (Author), Kováč, P. (Author)
Format: Article
Language:English

MARC

LEADER 00000nab a2200000uu 4500
001 vtls010876159
003 SK-MaSNL
005 20260303163125.0
008 230303|1968 xo |||||||||||||||||eng|
015 |a SNBRB 
035 |a (urnnbn)urn:nbn:sk:snk:ar-0063da 
035 |a (uuid)0b86813c-7349-493e-8d4d-a60b297ffba5 
035 |a urn:nbn:sk:snk-ab7puz 
040 |a SNKBUCL  |b slo  |c SNKBUCL  |e AACR2 
041 0 |a eng 
044 |a xo  |c SK 
100 1 |a Pavlovová, E.  |4 aut  |9 1187051 
245 1 0 |a Hemicelluloses form Twigs of the White Willow (Salix alba L.,) (III)  |b Wood Xylans  |c E. Pavlovová, F. Rendoš, P. Kováč, G. N. Peršina 
700 1 |a Rendoš, František,  |d 1923-2006  |4 aut  |9 37318 
700 1 |a Peršina, G. N.  |4 aut  |9 1187052 
700 1 |a Kováč, P.  |4 aut  |9 463283 
773 0 |t Chemické zvesti  |g Roč. 22, č. 3 (1968), s. 198-205 
958 |a OND 
958 |a EUIPO 
958 |a article8 
999 |c 2059031  |d 2060961